Archivos de España y América : (Registro nro. 63796)
[ vista simple ]
| 000 -LEADER | |
|---|---|
| fixed length control field | 00834nam a2200253 u 4500 |
| 001 - CONTROL NUMBER | |
| control field | 63796 |
| 005 - DATE AND TIME OF LATEST TRANSACTION | |
| control field | 20180714070359.0 |
| 008 - FIXED-LENGTH DATA ELEMENTS--GENERAL INFORMATION | |
| fixed length control field | 151216s2008 sp r 000 0 spa d |
| 020 ## - INTERNATIONAL STANDARD BOOK NUMBER | |
| International Standard Book Number | 9788437506036 |
| 041 ## - LANGUAGE CODE | |
| Language code of text/sound track or separate title | spa |
| 082 0# - DEWEY DECIMAL CLASSIFICATION NUMBER | |
| Classification number | 027.046 |
| Item number | COR |
| 100 1# - MAIN ENTRY--PERSONAL NAME | |
| Personal name | Cortés Alonso, Vicenta |
| Relator term | autor |
| 245 10 - TITLE STATEMENT | |
| Title | Archivos de España y América : |
| Remainder of title | materiales para un manual / |
| Statement of responsibility, etc. | Vicenta Cortés Alonso. |
| 250 ## - EDITION STATEMENT | |
| Edition statement | Primera edición |
| 264 #1 - PRODUCTION, PUBLICATION, DISTRIBUTION, MANUFACTURE, AND COPYRIGHT NOTICE | |
| Place of production, publication, distribution, manufacture | España : |
| Name of producer, publisher, distributor, manufacturer | Fondo de Cultura Económica de España, |
| Date of production, publication, distribution, manufacture, or copyright notice | 2008 |
| 300 ## - PHYSICAL DESCRIPTION | |
| Extent | 2 volúmenes (671; 745 páginas) ; |
| Dimensions | 24 cm. |
| 336 ## - CONTENT TYPE | |
| Content type term | texto |
| Source | rdacontent |
| 337 ## - MEDIA TYPE | |
| Media type term | sin mediación |
| Source | rdamedia |
| 338 ## - CARRIER TYPE | |
| Carrier type term | volumen |
| Source | rdacarrier |
| 490 0# - SERIES STATEMENT | |
| Series statement | Tezontle |
| 650 #4 - SUBJECT ADDED ENTRY--TOPICAL TERM | |
| Topical term or geographic name entry element | Archivos |
| Geographic subdivision | España |
| 650 #4 - SUBJECT ADDED ENTRY--TOPICAL TERM | |
| Topical term or geographic name entry element | Archivos |
| Geographic subdivision | Latinoamerica |
| 650 #4 - SUBJECT ADDED ENTRY--TOPICAL TERM | |
| Topical term or geographic name entry element | Latinoamerica |
| General subdivision | Historia 1830 |
| -- | Fuentes |
| Withdrawn status | Lost status | Source of classification or shelving scheme | Damaged status | Not for loan | Collection code | Home library | Current library | Shelving location | Date acquired | Source of acquisition | Inventory number | Total Checkouts | Full call number | Barcode | Date last seen | Price effective from | Koha item type |
|---|---|---|---|---|---|---|---|---|---|---|---|---|---|---|---|---|---|
| Dewey Decimal Classification | General | Biblioteca Karol Wojtyla | Biblioteca Karol Wojtyla | Sala general | 08/02/2016 | Compra | 151000000000000000059700 | 025.046 COR 2007 | 94970 | 05/01/2026 | 08/02/2016 | Libro | |||||
| Dewey Decimal Classification | General | Biblioteca Karol Wojtyla | Biblioteca Karol Wojtyla | Sala general | 16/12/2015 | Compra | 151000000000000000059805 | 027.046 COR 2007 | 94899 | 05/01/2026 | 17/12/2015 | Libro |